| 000 | 01764cam a2200385 i 4500 | ||
|---|---|---|---|
| 999 |
_c3859 _d3859 |
||
| 001 | 431872 | ||
| 003 | OSt | ||
| 005 | 20241112104200.0 | ||
| 008 | 240717t20162015enka j 000 1 eng d | ||
| 020 |
_a9781035033430 _q(pbk.) : |
||
| 040 |
_a臺東縣政府文化處 _beng _c臺東縣政府文化處 _eAACR2 _dKH8 |
||
| 041 | 0 | _aeng | |
| 042 | _anbic | ||
| 082 | 0 | _a823.92 GRI | |
| 100 | 1 |
_aGriffiths, Andy, _d1961- _eaut. |
|
| 245 | 1 | 4 |
_aThe 65-story treehouse / _cby Andy Griffiths & Terry Denton. |
| 260 |
_aLondon : _bMacmillan Children's Books, _c2016, c2015. |
||
| 300 |
_a377 p. : _bill. ; _c20 cm. |
||
| 500 | _a"Originally published in 2015 as The 65-storey treehouse in Australia by Pan Macmillan Australia Pty Ltd."--T.p. verso. | ||
| 505 | 0 | _aThe 65-story treehouse -- Attack of the ants! -- Jill to the rescue -- Inspector bubblewrap -- Prehistoric pond scum -- Dancing with dinosaurs -- Stone age art school -- Mummy madness -- Bin-Hur -- The future -- The future's future -- Back to the present -- The last chapter. | |
| 520 | _aAndy and Terry travel through time trying to save their treehouse from highly talented, angry ants and Inspector Bubblewrap the building inspector while rushing to meet their publisher's deadline. | ||
| 586 | _aA Junior Library Guild selection, September 2017. | ||
| 650 | 0 | _aHumorous stories. | |
| 650 | 0 |
_aTree houses _vJuvenile fiction. |
|
| 650 | 0 |
_aImagination _vJuvenile fiction. |
|
| 650 | 0 |
_aAuthors _vJuvenile fiction. |
|
| 650 | 0 |
_aIllustrators _vJuvenile fiction. |
|
| 650 | 1 |
_aTree houses _vFiction. |
|
| 650 | 1 |
_aImagination _vFiction. |
|
| 650 | 1 |
_aAuthors _vFiction. |
|
| 650 | 1 |
_aIllustrators _vFiction. |
|
| 650 | 1 | _aHumorous stories. | |
| 700 | 1 |
_aDenton, Terry, _eill. |
|
| 942 |
_2ddc _cFIC |
||